УНГАРИЯ (Запис номер 345090)
[ съкратено ]
| 000 -Лидер | |
|---|---|
| Контролно поле с фиксирана дължина | 01367npm a22003617a 4500 |
| 003 - Код на организацията, давaща контролен номер | |
| Контролно поле | BLK |
| 005 - Дата и час на последна редакция | |
| Контролно поле | 20231123112835.0 |
| 008 - Елементи от данни с фиксирана дължина | |
| fixed length control field | 191021b bu ||||| |||| 00| 0 bu d |
| 010 ## - Наследен системен номер | |
| LC control number | 000129 |
| 040 ## - Източник на каталожния запис | |
| Идентификатор на билиотеката - собственик на записа | BLK |
| 041 ## - Код за език | |
| Код за езика на текст/звукозапис или на отделно заглавие | Български |
| Код за езика КДБФ | Български |
| 080 ## - УДК | |
| УДК - код + определител | 308(439)(05) |
| 245 10 - Сведения за заглавието | |
| Заглавие | УНГАРИЯ |
| 246 ## - Различни форми на заглавието | |
| Паралелно заглавие | Специално издание |
| 260 ## - Област на издателските данни | |
| Място на издаване, разпространение и проч. | София |
| Печатница | София : П. К. Овчаров |
| Дата на отпечатване | 1933 |
| 490 ## - СЕРИИ (Колекции) | |
| Име на серия | Частна колекция - Академик Михаил Арнаудов |
| Бележки за серията | Дарение - Основен фонд |
| 505 ## - Форматирана забележка | |
| Заглавие | Статия на М. Арнаудов за Петьофи. Адрес : Тук Проф. д-р Мих. Арнаудов, ул. Добруджа № 8. |
| 505 ## - Форматирана забележка | |
| Заглавие | Илюстрация към унгарското въстание с образа на Петьофи 1 л. |
| 505 ## - Форматирана забележка | |
| Заглавие | Програма за честване на Петьофи в Париж 1 л. |
| 600 14 - Име на лице, използвано като предмет | |
| 9 (RLIN) | 110427 |
| За него / За нея | Петьофи, Шандор |
| 650 ## - Допълнително описание по предмет – тема | |
| Основно описание – тема или топоним | Литературознание |
| 9 (RLIN) | 160629 |
| 650 ## - Допълнително описание по предмет – тема | |
| Основно описание – тема или топоним | Биографии |
| 9 (RLIN) | 148657 |
| 650 ## - Допълнително описание по предмет – тема | |
| Основно описание – тема или топоним | Писатели |
| 9 (RLIN) | 166332 |
| 650 ## - Допълнително описание по предмет – тема | |
| Основно описание – тема или топоним | История |
| 9 (RLIN) | 400704 |
| 650 #4 - Допълнително описание по предмет – тема | |
| Основно описание – тема или топоним | Печат |
| 9 (RLIN) | 166209 |
| 852 ## - Местоположение | |
| Форматна сигнатура | МА 4690 |
| 942 ## - АРТИКУЛИ | |
| Вид на библиотечния материал | Статия |
| Скрит в OPAC | Не |
| Периодичен библиозапис | Да |
| 999 ## - СИСТЕМНИ КОНТРОЛНИ НОМЕРА | |
| Koha biblionumber | 345090 |
| Koha biblioitemnumber | 345090 |
| 999 ## - СИСТЕМНИ КОНТРОЛНИ НОМЕРА | |
| Koha biblioitemnumber | 345090 |
| 999 ## - СИСТЕМНИ КОНТРОЛНИ НОМЕРА | |
| Koha biblioitemnumber | 345090 |
| 999 ## - СИСТЕМНИ КОНТРОЛНИ НОМЕРА | |
| Koha biblioitemnumber | 345090 |
| 999 ## - СИСТЕМНИ КОНТРОЛНИ НОМЕРА | |
| Koha biblioitemnumber | 345090 |
| 999 ## - СИСТЕМНИ КОНТРОЛНИ НОМЕРА | |
| Koha biblioitemnumber | 345090 |
| 944 ## - СЪЗДАВАНЕ И РЕДАКЦИЯ на ЗАПИСА | |
| Служител, извършил регистрацията/редакцията | 30529 |
| Статус, дата на статуса | Диана Гривева |
| Код за отписване | Код за изгубен артикул | Източник на класификационната схема | Код за повреда | Коз за рестрикции | Код за отдаване | Артикулен № | Име на библиотеката - собственик | Име на библиотеката, в която се намира в момента | Статус (Текущо местоположение) | Дата на вписване в системата | Местоположение - отдел | Цена в лева | Инвентарен номер | Систематично азбучна сигнатура | Баркод | Цена в евро | Служебен тип на артикула |
|---|---|---|---|---|---|---|---|---|---|---|---|---|---|---|---|---|---|
| Не е изгубен | Universal Decimal Classification | Не е повреден | само за читалня | ползва се в читалня | 747570 | Регионална библиотека "Любен Каравелов" Русе | Регионална библиотека "Любен Каравелов" Русе | Фонд "Михаил Арнаудов" | 2019-10-17 | Фонд "Михаил Арнаудов" | 10.00 | 704252 | МА 4690 | 900000001110 | 5.11 | Статия |